MLB Playoff Teams 2024 - Statistics

General Stats
  • This quiz has been taken 227 times
  • The average score is 11 of 12
Answer Stats
American League % Correct
New York Yankees
100%
Los Angeles Dodgers
99%
Cleveland Guardians
98%
New York Mets
97%
Houston Astros
95%
Philadelphia Phillies
95%
San Diego Padres
95%
Milwaukee Brewers
94%
Detroit Tigers
93%
Kansas City Royals
93%
Atlanta Braves
92%
Baltimore Orioles
91%
No matching quizzes found
Score Distribution
Percent of People with Each Score
Percentile by Number Answered
Your Score History
You have not taken this quiz